00750nam a2200181 a 4500008004100000020001500041050002000056110006100076245010500137260002600242300002700268350000900295650001700304650001400321995008800335999001700423952012800440120416s1989 ||||||||||||||||| || u a0944426670 aQK 46.5.A47 Ame aThe American Society for Photogrammetry & Remote Sensing10aTwelfth biennial workshops on colour aerial photography and videography in the plant sciences and re aBethesdabASPRSc1989 axvi, 303p.[vi], : ill. a0.00 aBIOCHEMISTRY aTEXTBOOKS D0.00FCBU-MAIN LIBRARY (Kitwe)H1I17.90M1UAVAILABLEZAnnex Low-Usage Collection  c60519d60519 00102lcc4070a001b001cAnnex Low-Usage Collection d2022-11-30l0oQK 46.5.A47 Amep023501r2022-11-30w2022-11-30y002